KOHA-Header-6

Digital Communication (Record no. 28)

000 -LEADER
fixed length control field 00290nam a2200121Ia 4500
008 - FIXED-LENGTH DATA ELEMENTS--GENERAL INFORMATION
fixed length control field 190722s9999 xx 000 0 und d
020 ## - INTERNATIONAL STANDARD BOOK NUMBER
International Standard Book Number 13:978-93-392-0479-2
100 ## - MAIN ENTRY--PERSONAL NAME
Personal name John G. Proaks
245 #0 - TITLE STATEMENT
Title Digital Communication
260 ## - PUBLICATION, DISTRIBUTION, ETC. (IMPRINT)
Place of publication, distribution, etc India
Name of publisher, distributor, etc McGraw Hill.
Date of publication, distribution, etc 2015
300 ## - PHYSICAL DESCRIPTION
Extent 1150
942 ## - ADDED ENTRY ELEMENTS (KOHA)
Koha item type Books
Holdings
Withdrawn status Lost status Damaged status Not for loan Collection code Permanent Location Current Location Shelving location Date acquired Full call number Barcode Date last seen Price effective from Koha item type
      Not For Loan Electrical Engineering Computing and Engineering Library Block-D Computing and Engineering Library Block-D Shelf No.A34 2019-07-22 621.382 6654 2019-07-22 2019-07-22 Electrical Engineering

Powered by Koha